Cinéma en images par lettres - U & V - Statistiques

Statistiques générales
  • Ce quiz a été pris 167 fois
  • Le résultat moyen est 10 sur 20
Statistiques - réponses
Par images Hint Réponse % Correct
Studio Universal
90%
Personnage Voldemort
90%
Acteur Jean-Claude van Damme
86%
Personnage Ursula
84%
Format de vidéo VHS
72%
Film Le Voyage de Chihiro
69%
Film Usual Suspects
63%
Acteur Jacques Villeret
62%
Film Vol au-dessus d'un nid de coucou
55%
Acteur Lino Ventura
52%
Acronyme VOST
50%
Réalisatrice Agnès Varda
48%
Actrice Karin Viard
45%
Réalisateur Denis Villeneuve
34%
Film Un prophète
32%
Film Le Voyage dans la Lune
28%
Film Les vacances de Monsieur Hulot
19%
Film Un singe en hiver
18%
Acteur Karl Urban
13%
Film La Vie de Brian
9%
Aucun quiz correspondant
Distribution des résultats
% des personnes avec chaque résultat
Percentile par nombre de réponses
Votre historique - résultats
Vous n’avez pas pris ce quiz